000 00618nam a2200193Ia 4500
003 GCL
008 140319s9999 xx 000 0 ara d
040 _aGCL /
_cGCL
082 0 4 _a812.008
_bس ا
100 1 _aسعدالدين وهبة
245 1 0 _aاحذية الدكتور طه حسين ومسرحيات اخرى /
_cسعدالدين وهبة
260 _a[S.N] :
_bالفجر للنشر والتوزيع ،
_c1994
300 _a243 ص
490 _a
650 0 4 _aالادب العربى
650 0 4 _aالمسرحيات المصرية
650 0 4 _aالمسرحيات السياسية
942 _2ddc
_cBK
999 _c29067
_d29067